00848 2200313 4500001002100000005001500021035002000036007000300056008004100059040001700100100002300117245004400140250001300184300002900197020002200226041000800248082001100256084001700267090001600284260006100300264003200361336002100393337003000414338002300444650001300467850001000480990002200490990002200512INLIS00000000000436720260527125751 a0010-1121000134ta260527 0  aSBPUPADbInd0 aAriata,ePengarang1 aPahlawan dan Pembuat Masalah /cAriata, a--Cet--1 a80 hlm. :bIlus ;c28 cm a978-979-29-5818-80 aInd a371.33 a371.33 ARI p a372.7 ABD m a--Jakarta :bKementrian Pendidikan dan Kebudayaan,c2016 a--Yogyakarta :bAndi,c2015 2rdacontentaTeks 2rdamediaaTanpa Perantara 2rdacarrieravolume 4aMewarnai aPUPAD a28.410/P/DPK/2018 a35,347/s/dpk/2021